000 00908cam a22002773a 4500
001 25585
003 PGUSA
005 20140828083541.0
008 080524s2008||||xxu|||||s|||||000 | eng d
040 _aPGUSA
_beng
042 _adc
050 4 _aPR
100 1 _aColeridge, Samuel Taylor,
_d1772-1834
245 1 0 _aShakespeare, Ben Jonson, Beaumont and Fletcher
_h[electronic resource] /
_cSamuel Taylor Coleridge
260 _bProject Gutenberg,
_c2008
506 _aPublic domain in the USA.
516 _aElectronic text
653 _aFletcher, John, 1579-1625
653 _aEnglish drama -- Early modern and Elizabethan, 1500-1600 -- History and criticism
653 _aJonson, Ben, 1573?-1637
653 _aShakespeare, William, 1564-1616
653 _aBeaumont, Francis, 1584-1616
830 0 _aProject Gutenberg
_v25585
856 4 0 _uhttp://www.gutenberg.org/ebooks/25585
942 _cEB
999 _c254840
_d254840